Ouve bébé! (Registo nº 1235)

Detalhes MARC
000 -Etiqueta do registo
Cabeçalho 00601nam0a2200253 4500
005 - Identificador da versão
Campo de controlo 20240813121830.0
010 ## - Número internacional normalizado dos livros (ISBN)
Número (ISBN) 9789728637835
021 ## - Número do Depósito Legal
Código do país PT
Número 288027/09
100 ## - Dados gerais de processamento
Dados gerais de processamento 20110114d2009 b y0pory5003 ba
102 ## - Pais de publicação ou produção
País de publicação Portugal
101 1# - Língua de publicação
Língua do texto, banda sonora, etc. Português
Língua do documento no original Inglês
106 ## - Campo de dados codificados: material textual
Dados codificados do material textual r
105 ## - Campo de dados codificados: livros
Dados codificados dos livros a z 001yy
215 ## - Descrição física 
Indicação específica da natureza do documento e extensão da espécie [4] p.
Outras indicações físicas il
200 1# - Titulo e menção de responsabilidade
Título próprio Ouve bébé!
Primeira menção de responsabilidade Karen Katz
205 ## - Menção da edição
Menção da edição 1 ed
210 ## - Publicação, Distribuição, etc. 
Lugar da edição, distribuição, etc. Santa Comba Dão
Nome do editor, distribuidor, etc. Edições Convite à Música
Data da publicação, distribuição, etc. 2009
304 ## - Notas relativas a título e menção de responsabilidade 
Texto da nota Tít. orig.:
700 #1 - Nome de autor-pessoa física (responsabilidade principal)
Número de registo de entrada de autoridade 0001727
Palavra de ordem Katz
Outra parte do nome não tomada para palavra de ordem Karen
942 ## - Elementos de entrada adicionados (Koha)
Tipo de item no Koha Livro
Exemplares
Situação do levantamento Origin of item (home branch) (coded) Biblioteca de empréstimo Código de barras Cota Circulation type (not for loan) Tipo de documento Nota do exemplar Damaged status
  Biblioteca Escolar Eng. Nuno Mergulhão Biblioteca Escolar Eng. Nuno Mergulhão BENM2406 8EST KAT   Livro Sem mensagem